LEADER 01102nam a2200277 i 4500 001 991001201099707536 008 050625s1979 nyua b 001 0 eng d 020 $a047102404X 035 $ab13335790-39ule_inst 040 $aDip.to Ingegneria dell'Innovazione$beng 082 $a546.683/2 100 10$aIler, Ralph K.$0605344 245 14$aThe chemistry of silica :$bsolubility, polymerization, colloid and surface properties, and biochemistry /$cRalph K. Iler 260 0 $aNew York [etc] :$bJhon Wileye Sons,$cc1979 300 $axxiv, 866 p. :$bill. ;$c24 cm 500 $a"A Wiley-Interscience publication." 504 $aIncludes bibliographical references and indexes 650 4$aSilica 650 4$aSilicates 650 4$aColloids 907 $a.b13335790$b21-09-06$c05-09-05 912 $a991001201099707536 945 $aLE026 546.683 ILE 01.01 1979$g1$i2026000024448$lle026$nProf. Licciulli / Biblioteca$op$pE265.58$q-$rl$s- $t4$u13$v3$w13$x0$y.i14123022$z07-09-05 996 $aChemistry of silica$91092679 997 $aUNISALENTO 998 $ale026$b25-06-05$cm$da $e-$feng$gnyu$h4$i0 LEADER 02131oam 2200577 450 001 9910714034703321 005 20180516115248.0 035 $a(CKB)3780000000321844 035 $a(OCoLC)691873984$z(OCoLC)988825805 035 $a(EXLCZ)993780000000321844 100 $a20101210d1945 ua 0 101 0 $aeng 135 $aur||||||||||| 181 $ctxt$2rdacontent 182 $cc$2rdamedia 183 $acr$2rdacarrier 200 10$aProbable volume of postwar construction 210 1$aWashington, D.C. :$cUnited States Department of Labor, Bureau of Labor Statistics,$d1945. 215 $a1 online resource (iv, 58 pages) $cillustrations 225 1 $aBulletin ;$vno. 825 300 $aAt head of title: United States Department of Labor, Frances Perkins, secretary. Bureau of Labor Statistics, Isador Lubin, commissioner (on leave). A.F. Hinrichs, acting commissioner. 300 $a"Prepared in the Bureau's Division of Construction and Public Employment by Alexander C. Findlay"--Page ii. 300 $a"Reprinted from the Monthly Labor Review, February, March, and April, 1945, with additional data"--Page 1. 606 $aPostwar reconstruction$zUnited States 606 $aReconstruction (1939-1951)$zUnited States 606 $aEngineering$zUnited States 606 $aBuilding$zUnited States 606 $aBuilding$2fast 606 $aEngineering$2fast 607 $aUnited States$2fast 615 0$aPostwar reconstruction 615 0$aReconstruction (1939-1951) 615 0$aEngineering 615 0$aBuilding 615 7$aBuilding. 615 7$aEngineering. 700 $aFindlay$b Alexander C$017699 712 02$aUnited States.$bBureau of Labor Statistics, 712 02$aUnited States.$bBureau of Labor Statistics.$bDivision of Construction and Public Employment. 801 0$bOCLCE 801 1$bOCLCE 801 2$bOCLCQ 801 2$bOCLCF 801 2$bOCLCO 801 2$bOCLCQ 801 2$bZ5A 801 2$bGPO 906 $aBOOK 912 $a9910714034703321 996 $aProbable volume of postwar construction$93480479 997 $aUNINA